| 000 | 00642nam a2200181 4500 | ||
|---|---|---|---|
| 001 | 133384 | ||
| 003 | ES-MaACL | ||
| 005 | 20230906194407.0 | ||
| 007 | t| | ||
| 008 | 070214s1965 sp r ||||1| spa d | ||
| 100 | 1 |
_aRueda Cassinello, Francisco. _9100519 |
|
| 245 | 1 | 0 |
_aCultivos enarenados de hortalizas extratempranas / _cpor Francisco Rueda Cassinello y José María Rueda Cassinello ; prólogo de Francisco Rueda Ferrer. |
| 260 |
_aMadrid : _bMundi, _c1965. |
||
| 300 |
_a150 p. ; _c22 cm. |
||
| 700 | 1 |
_aRueda Cassinello, José María. _9100520 |
|
| 700 | 1 |
_aRueda Ferrer, Francisco. _9100523 |
|
| 852 |
_aES-MaACL _jC-28105 _bR.57550 |
||
| 999 |
_c133384 _d133384 |
||